|
|
|
|
| LEADER |
01154cam a2200253 u 4500 |
| 001 |
10077224 |
| 003 |
upatras |
| 005 |
20210117201956.0 |
| 008 |
011004s1997 f gre |
| 020 |
|
|
|a 9608524865
|
| 040 |
|
|
|a GR-PaULI
|c GR-PaULI
|
| 041 |
0 |
|
|a gre
|
| 082 |
1 |
4 |
|a 489.37
|2 22
|
| 100 |
1 |
|
|a Κοντοσόπουλος, Νικόλαος Γ.
|d 1929-
|9 41863
|
| 245 |
1 |
0 |
|a Θέματα κρητικής διαλεκτολογίας
|c Νικολάου Γ. Κοντοσόπουλου
|
| 260 |
|
|
|a Αθήνα
|b [Βιβλιοεκδοτική Α.Ε.]
|c 1997
|
| 300 |
|
|
|a 505 σ.
|c 24 εκ.
|
| 500 |
|
|
|a "Αναδημοσίευση μελετών"
|
| 650 |
|
4 |
|a Ελληνική γλώσσα
|x Διάλεκτοι
|z Κρήτη
|9 77668
|
| 852 |
|
|
|a GR-PaULI
|b ΠΑΤΡΑ
|b ΦΙΛΟΛΟΓΙΑ
|k ΔΑΝΕΙΖ-6
|h 489.37 ΚΟΝ
|m 004451
|p 025000143605
|t 1
|
| 942 |
|
|
|2 ddc
|
| 952 |
|
|
|0 0
|1 0
|2 ddc
|4 0
|6 489_370000000000000_ΚΟΝ
|7 0
|9 79865
|a LISP
|b LISP
|c BSC
|d 2016-04-24
|i 004451
|l 2
|m 1
|o 489.37 ΚΟΝ
|p 025000143605
|r 2018-10-18 00:00:00
|s 2018-09-21
|t 1
|w 2016-04-24
|y BK15
|x Μεταφορά Τμήματος Φιλολογίας
|
| 998 |
|
|
|c ELIDOC
|d 2009-07
|
| 999 |
|
|
|c 53069
|d 53069
|